Animated Movies NOT Made by Disney - Statistics

General Stats
  • This quiz has been taken 19 times
  • The average score is 7 of 15
Answer Stats
Hint Answer % Correct
Titular ogre wants to be alone in his swamp. Shrek
100%
Miles Morales is bitten by a radioactive spider. Spider-Man: Into the Spider-Verse
100%
Supervillain adopts three girls and steals the moon. Despicable Me
94%
Little girl discovers another world where her parents have button-eyes. Coraline
72%
Three prehistoric mammals take care of a baby. Ice Age
72%
A chameleon is stranded in the Mojave Desert. Rango
56%
Four dinosaurs search for the Great Valley. The Land Before Time
44%
A flock of stop-motion sheep go on an adventure in the big city. Shaun the Sheep Movie
39%
An irresponsible father must combat chicken farmers and protect his burrow. Fantastic Mr. Fox
33%
The father of an iconic family sings about "Spider-Pig." The Simpsons Movie
22%
Little girl works in a bathhouse after her parents are transformed into pigs. Spirited Away
22%
Linus Van Pelt worships a Halloween deity. It's the Great Pumpkin, Charlie Brown
11%
A boy nicknamed after a vegetable is brought to an orphanage. My Life as a Courgette
11%
Two high-schoolers in Tokyo intermittently switch bodies. Your Name
11%
An Irish boy discovers his sister is a selkie. Song of the Sea
6%
No matching quizzes found
Score Distribution
Percent of People with Each Score
Percentile by Number Answered
Your Score History
You have not taken this quiz